00983nam a22002657a 45000010005000000030006000050050017000110080041000280200018000690400029000870500016001160820008001321000048001402450100001882500041002882600035003293000040003645050007004045200187004115210018005985210018006166500029006346500020006637000034006836079FISKH20250307133215.0250307b cb ||||| |||| 00| 0 eng d a9780439218900 aFISKHbengcFISKHdFISKH aPZ7.T7327 E a544 aTrevino, De Borton Elizabethd(1904–2001) aEl Guero :bA true adventure story /cElizabeth Borton de Trevino ; Pictures by Leslie W.Bowman aThis edition first published in 1989 aNew York :bScholastic,c1989. a102 pages :billustrations ;c20 cm aW  aHis father's loyalty to the Mexican president deposed by Porfirio Diaz in 1876 forces a boy known as El Güero and his family into exile to the dangerous Baja California territory. 8 a860 bLexile 8 aW bRaz-Plus  2Californiaa19th century 2FamilyaFiction aW.Bowman, Lesliedillustrator